000
00419nam a2200145Ia 4500
008
100122s9999 xx 000 0 und d
082
_b
15885
_a
823
100
_a
दत्त प्रफुल्ल
245
_a
राम जवळकर
260
_b
अभिनव प्रक ाशन
_c
1969
300
_a
131
630
_a
राम जवळकर
730
_a
राम जवळकर
942
_c
BOOK
999
_c
406017
_d
406014